000 005200000a22001450004500
090 _aAS
_bSeriadas
245 1 0 _aTemporal and vertical variations in phytoplankton community structure and its relation to some morphometric parameters of four colombian reservoirs
041 0 _aInglés
700 1 _aBicudo, C. E. de M.
_999372
700 1 _aRoldán Pérez, Gabriel
_92082
700 1 _aGarcía L., L. C.
_999373
100 1 _aRamírez R., J. J.
_999374
942 _cARTICULO
773 1 _tCaldasia
_345
_h1
_q108-126
_d2000
_g22
999 _c14806
_d14806